Opening Day Lineups: Los Angeles Angels of Anaheim - Statistics

General Stats
  • This quiz has been taken 384 times
    5 since last reset
  • The average score is 35 of 74
Answer Stats
# Starts Answer % Correct
6 Erick Aybar
100%
6 Jered Weaver
100%
3 Jo Adell
100%
2 Jorge Soler
100%
1 José Soriano
100%
4 Logan O'Hoppe
100%
14 Mike Trout
100%
3 Nolan Schanuel
100%
1 Yoán Moncada
100%
2 Zach Neto
100%
10 Albert Pujols
75%
5 Andrelton Simmons
75%
4 Chris Ianetta
75%
3 David Fletcher
75%
5 Howie Kendrick
75%
1 Jared Walsh
75%
2 Jeff Mathis
75%
2 Johnny Giavotella
75%
1 Jonathan Lucroy
75%
1 Josh Lowe
75%
1 Justin Bour
75%
3 Justin Upton
75%
6 Kole Calhoun
75%
2 Martin Maldonado
75%
1 Oswald Peraza
75%
3 Peter Bourjos
75%
5 Shohei Ohtani
75%
3 Taylor Ward
75%
2 Tommy La Stella
75%
3 Torii Hunter
75%
2 Yunel Escobar
75%
4 Anthony Rendon
50%
2 Bobby Abreu
50%
1 Brian Goodwin
50%
1 Carlos Pérez
50%
3 C.J. Cron
50%
2 Garrett Richards
50%
1 Luis Valbuena
50%
3 Mark Trumbo
50%
1 Tim Anderson
50%
2 Vernon Wells
50%
1 Yusei Kikuchi
50%
1 Alberto Callaspo
25%
2 Brandon Drury
25%
1 Brandon Marsh
25%
1 Brandon Wood
25%
2 David Freese
25%
1 Dexter Fowler
25%
1 Dylan Bundy
25%
1 Hunter Renfroe
25%
1 Juan Rivera
25%
2 Kendrys Morales
25%
2 Luis Rengifo
25%
1 Maicer Izturis
25%
2 Max Stassi
25%
1 Miguel Sanó
25%
1 Patrick Sandoval
25%
2 Zack Cozart
25%
1 Aaron Hicks
0%
1 Andrew Heaney
0%
1 Cameron Maybin
0%
1 Daniel Nava
0%
1 Danny Espinosa
0%
1 Gio Urshela
0%
1 Hideki Matsui
0%
1 Jason Castro
0%
1 Jose Iglesias
0%
2 Josh Hamilton
0%
1 Kevin Newman
0%
1 Matt Duffy
0%
1 Matthew Joyce
0%
1 Raúl Ibañez
0%
1 Ricky Nolasco
0%
1 Trevor Cahill
0%
No matching quizzes found
Score Distribution
Percent of People with Each Score
Percentile by Number Answered
Your Score History
You have not taken this quiz since the last reset